On Some Issues of the UK of Great Britain and Northern Ireland's Departure from the EU

Kľúčové otázky vystúpenia Spojeného kráľovstva z EÚ 29. marca 2019. Postavenie občanov EÚ v Spojenom kráľovstve a občanov Spojeného kráľovstva na území členských štátov EÚ po stiahnutí Spojené kráľovstvo z EÚ. Finančná kompenzácia Spojeného kráľovstva pre spoločný rozpočet EÚ po 29. marci 2019. Budú...

Descrizione completa

Salvato in:
Dettagli Bibliografici
Autore principale: Lipková, Ľudmila
Natura: Capitolo di libro
Lingua:inglese
Soggetti:
Tags: Aggiungi Tag
Nessun Tag, puoi essere il primo ad aggiungerne!!

MARC

LEADER 00000naa$a2200000$$$4500
001 0251120
005 20240502083718.2
041 0 |a eng 
044 |a UA 
245 1 0 |a On Some Issues of the UK of Great Britain and Northern Ireland's Departure from the EU  |c Ľudmila Lipková 
520 |a Kľúčové otázky vystúpenia Spojeného kráľovstva z EÚ 29. marca 2019. Postavenie občanov EÚ v Spojenom kráľovstve a občanov Spojeného kráľovstva na území členských štátov EÚ po stiahnutí Spojené kráľovstvo z EÚ. Finančná kompenzácia Spojeného kráľovstva pre spoločný rozpočet EÚ po 29. marci 2019. Budúci stav hranice medzi Írskou republikou a Severným Írskom. 
610 2 0 |a Veľká Británia 
610 2 0 |a Brexit 
610 2 0 |a Írsko 
610 2 0 |a Euroázijská ekonomická únia 
610 2 0 |a Európska únia 
610 2 0 |a občania 
610 2 0 |a práva pracovníkov 
610 2 0 |a práva ľudské 
100 1 |a Lipková, Ľudmila